Ευκλείδης Β': μαθηματικό περιοδικό για το λύκειο
Αποθηκεύτηκε σε:
| Συγγραφή απο Οργανισμό/Αρχή: | |
|---|---|
| Μορφή: | Περιοδική έκδοση |
| Γλώσσα: | Greek |
| Δημοσίευση: |
Αθήνα :
Ελληνική Μαθηματική Εταιρεία,
1967-
|
| Θέματα: | |
| Ετικέτες: |
Προσθήκη ετικέτας
Δεν υπάρχουν, Καταχωρήστε ετικέτα πρώτοι!
|
MARC
| LEADER | 00000cas a2200000 i 4500 | ||
|---|---|---|---|
| 001 | 1/57462 | ||
| 008 | 040611c19679999gr |||||||||||| ||gre|| | ||
| 022 | |a 1105-7998 | ||
| 035 | |l 10073774 | ||
| 040 | |a GR-My-Ua |b gre |e AACR2 | ||
| 041 | 0 | |a gre | |
| 082 | 0 | |a 510.5 | |
| 110 | 2 | |a Ελληνική Μαθηματική Εταιρεία. | |
| 222 | 0 | |a Eukleidis V | |
| 245 | 1 | 0 | |a Ευκλείδης Β': |h [περιοδικό] |b μαθηματικό περιοδικό για το λύκειο / |c Ελληνική Μαθηματική Εταιρεία |
| 246 | 1 | |a Β' Ευκλείδης | |
| 246 | 1 | |a Eukleidis V | |
| 260 | |a Αθήνα : |b Ελληνική Μαθηματική Εταιρεία, |c 1967- | ||
| 300 | |a τ. : |b εγχρ.εικ. ; |c 29 εκ. | ||
| 310 | |a Τριμηνιαίο, |b 1967- | ||
| 500 | |3 Το παράρτημα βιβλιοθήκης της Ρόδου έχει στο αρχείο του τα εξής τεύχη του περιοδικού: Τεύχη 47,49,50 (2003), τεύχη 51,5,53,54 (2004), τεύχη 55,56,57,58 (2005), τεύχη 59,60,61 (2006), τεύχος 78 (2010), τεύχος 106 (2017). Το περιοδικό διατίθεται και ηλεκτρονικά στο διαδίκτυο. | ||
| 650 | 0 | 0 | |a Mathematics |x Study and teaching |x Periodicals. |
| 650 | 0 | 0 | |a Mathematics |x Periodicals. |
| 710 | 2 | |a Ελληνική Μαθηματική Εταιρεία. | |
| 853 | |a INST |b RHODES |c SER |h 510.5 | ||
| 853 | |a INST |b SAMOS |c SER |h 510.5 | ||
| 920 | |a Δωρεά |b Βιβλιοθήκης |y Ρόδος |z 2003-01 | ||
| 922 | |a 3ΕΛΗ |c Σάμος |d ΧΑΡΤΣΙΑΣ | ||
| 922 | |a 4ΕΛΗ |b 2003-01 | ||